[Event "WCPL:Cardigan-E Glam Nomads"]
[Site "?"]
[Date "2015.11.01"]
[Round "1.1"]
[White "Heaven, Peter"]
[Black "Williams, A. Howard"]
[Result "0-1"]
[WhiteElo "2050"]
[BlackElo "2323"]
[Annotator "Williams,Howard"]
[PlyCount "100"]
[EventDate "2015.11.01"]
[EventCountry "WLS"]

1. e4 Nf6 2. e5 Nd5 3. d4 d6 4. c4 Nb6 5. f4 dxe5 6. fxe5 Nc6 7. Be3 Bf5 8. Nc3
e6 9. Nf3 Be7 10. d5 {The crucial line in the Four Pawns Attack against the
Alekhine.} exd5 11. cxd5 Nb4 12. Nd4 Bd7 (12... Bg6 13. Bb5+ $16 {[ Wh scores
83%]}) 13. Qf3 {I was expecting 13 e6 fxe6 14 dxe6 Bc6, leading to a razor
sharp position I'd had with both colours in the seventies; however theory, as
Peter pointed out after the game, had moved on. [ The latest game with this
whole line appears to be Amonatov- Levin, Chigorin Memorial blitz St
Petersburg Oct 2015,1-0 which employed the e6 move. Incidentally an earlier
example of this sharp line is A.H Williams- Cafferty, BCF ch, Blackpooll 1971,
1-0]} O-O {Probably 13...c5 is better; I was scared on 14 e6 but 14...0-0 is
then fine for Black.} (13... c5 $11 {Komodo9; main line , but Wh scores well
with 60%}) 14. a3 (14. O-O-O Bg5 15. Nc2 Nxc2 16. Kxc2 Qe7 $11 {
Morozevich-Ivanchuk, Amberblindfold rapid , Monte Carlo 2002,1/2-1/2}) 14... c5
{Black has to contest White's centre - fast.} 15. axb4 cxd4 16. Bxd4 Bxb4 17.
Bd3 Qh4+ 18. Bf2 Qg4 {Deep Fritz14} (18... Qe7 19. O-O (19. Qe4 $16 {Komodo9})
19... Qxe5 20. Rae1 (20. Bxb6 axb6 21. Rxa8 Rxa8 22. Qxf7+ Kh8 23. Qxd7 Qe3+
24. Kh1 Qxd3 $11 {Breitenbach-Rain, BRA corr 1994,1/2-1/2}) 20... Qd6 21. Ne4
Qg6 22. Nc5 Qg4 23. Qxg4 Bxg4 24. Re4 $18 {Fahner-Wright,CAN ch corr 1986,1/
2-1/2}) (18... Qg5 $14 {Komodo9 & Stockfish5}) 19. Qxg4 Bxg4 20. Bxb6 (20. h3
Bd7 21. Bxb6 axb6 22. Rxa8 Rxa8 23. Kd2 Ra5 24. Be4 $11 {Komodo9;Robb-Gilmore,
corr 1996,1-0}) 20... axb6 21. Rxa8 Rxa8 22. O-O {22. Kd2 is much stronger
when my faith in the bishop pair to balance the defects in my position would
have been misplaced. White's king needs to stay in the centre.} (22. Kd2 $16 {
Komodo9 & Stockfish5}) 22... Bc5+ $11 23. Kh1 Bd4 24. h3 (24. e6 fxe6 25. h3
$11 {Komodo9 & Stockfish5}) 24... Bd7 25. d6 {With his pawn centre under a lot
of pressure White needs a way to liquidate into a drawn position. Fritzgives} (
25. Re1 Re8 26. e6 fxe6 27. dxe6 Bxc3 28. Bc4 $3 Bxe1 29. exd7+ Kf8 30. dxe8=Q+
Kxe8 {But White's 28th is not the sort of move we play in the WCPL. [Komodo9 &
Stockfish5 concur with this analysis, though then =]}) 25... Bxe5 $17 26. Nd5
Bxd6 (26... Bxb2 {Komodo9 second choice seems worth a try to get an outside
passed pawn, Rudy}) (26... Rd8 27. Nxb6 Be6 28. Nc4 Bxd6 29. Nxd6 Rxd6 $17 {
Komodo9 & Stockfish5, when there are no opposite colour Bs}) 27. Nxb6 Rd8 28.
Nxd7 Rxd7 {This was White's idea, simplifying into a rook and opposite bishop
endgame a pawn down. Objectively I think it should be tenable but in practice
that's easier said than done.} 29. Rd1 g6 30. Be4 b6 31. g4 Kf8 32. Kg2 Ke7 33.
Kf3 Rc7 34. Bd3 Bc5 35. Bc4 Kf6 36. b3 Re7 37. Rd3 h6 38. Bb5 Re1 39. Bc4 Kg5
40. Kg2 f5 41. gxf5 gxf5 42. Rf3 Rg1+ 43. Kh2 Ra1 44. Rf1 Ra2+ 45. Kh1 Rb2 46.
Be6 f4 {Things have gone steadily downhill for White (without an obvious
mistake) and his position is now desperate. [ Both Komodo9 & Stockfish5 regard
this position now as a clear win for Bl. However looking deep into the
sequence of moves suggested by Komodo9, it seems to just go round in circles,
all the while maintaining, it's winning, it's winning. Even 20 moves down the
line no progress for Bl has been made.]} 47. h4+ (47. Rf3 Be3 48. Bd5 b5 {
[what happens if Wh just keeps moving the B ,or Rf1 -f3?]}) 47... Kxh4 (47...
Kf6 {and ...Ke5 is also winning but the text is immediately decisive.}) 48.
Rxf4+ Kg3 49. Rg4+ Kf3 {White has no decent way of stopping the threat of Rb1+,
...Bd6+ and Rh1 mate.} 50. Bf5 Rd2 0-1

[Event "WCPL:Cardigan-E Glam Nomads"]
[Site "?"]
[Date "2015.11.01"]
[Round "1.2"]
[White "Jones, Iolo C"]
[Black "Bridges, Paul"]
[Result "1/2-1/2"]
[WhiteElo "2171"]
[BlackElo "1832"]
[Annotator "Kemenade"]
[PlyCount "52"]
[EventDate "2015.11.01"]
[EventCountry "WLS"]

1. d4 d5 2. Nf3 e6 3. c4 c6 4. e3 f5 5. Nc3 Bd6 6. Rb1 {a rare choice} (6. Bd3)
(6. Ne5 {main}) 6... Qe7 (6... Nf6 7. b4 Ne4 {Bobula-Young, St Loius CCSCSL IM
2014,1/2-1/2}) 7. Qc2 (7. a3 Nf6 8. b4 a6 9. Qb3 O-O $11 {Tikhomirov-Arzumanian
ikhomirov-Arzumanian ikhomirov-Arzumanian, UKR ch tm Alushta 2005,0-1}) (7. c5
$11) (7. Ne5 $14 {Komodo9}) 7... Nf6 8. Bd3 O-O 9. O-O Ne4 10. Ne5 Nd7 11. Nxd7
(11. f4 $5) 11... Bxd7 12. g3 {Wh safeguards the K against a rapid Q incursion}
(12. f3 Qh4 13. g3 (13. f4) 13... Nxg3 14. hxg3 Bxg3 15. Qg2 Rf6 $11 {Komodo9})
12... Rf6 {Wh's position is supersolid in the centre, but there is no way to
open up the position there. Hence Bl feels encouraged to start a K side attack,
(standard in the Stonewall Dutch ).} 13. Ne2 (13. c5 Bc7 14. f3 Ng5 15. b4 $11
{Komodo9, at least Wh is making use of the R on b1}) 13... Rg6 14. Nf4 Bxf4 15.
exf4 h5 (15... Qh4 {Komodo9} 16. Re1 Nxg3 17. hxg3 Rxg3+ 18. fxg3 Qxg3+ 19. Kh1
Qxe1+ 20. Kg2 $14) 16. Bd2 (16. f3 dxc4 (16... h4 17. fxe4 fxe4 18. Bxe4 (18.
Be2 hxg3 19. h3 g2 20. Rd1 Qh4 21. Bg4 Rxg4 22. hxg4 Qh1+ 23. Kf2 e5 24. f5 Rf8
$19 {Komodo9}) 18... dxe4 19. Qxe4 Qe8 $11 {Komodo9}) 17. Bxe4 fxe4 18. fxe4 b5
19. b3 h4 20. Rf3 c5 $11 {Komodo9}) 16... h4 17. Kg2 Kf7 18. Kf3 {running
before the storm breaks, but in a sense undeveloping (to a position where it
almost looks as if Wh never got to 0-0 in the first place)} (18. Rh1 $11 {
Komodo9, should be ok}) 18... Rh8 (18... c5 $1 $17 {Komodo9, opens up the
centre towards which the K is running, maybe even aims for Bc6} 19. Be3 Qf6 20.
cxd5 cxd4 21. Qc7 Qd8 22. Qxd8 Rxd8 23. Bxd4 Nd2+ 24. Ke2 Nxf1 25. Kxf1 exd5
$17 {Komodo9}) 19. Rh1 (19. Ke2) 19... Rgh6 (19... c5 $1 $19 {Komodo9} 20. Kg2
Bc6 21. Bxe4 dxe4 22. d5 exd5 23. cxd5 h3+ 24. Kg1 Bxd5 $19) 20. Rhg1 (20. Bxe4
fxe4+ 21. Kg2 Qf6 $17 {best for Wh, Komodo9}) 20... hxg3 (20... c5 $19 21. Bc3
(21. Be3 Qf6 $19) 21... hxg3 22. hxg3 Rh2 23. Rbf1 Nxc3 (23... R8h3 24. Bxe4
fxe4+ 25. Ke2 b5 $17) 24. bxc3 Bc6 $19 {Komodo9}) 21. hxg3 Qf6 (21... c5 $19 {
Komodo9}) (21... Rh2 22. Be3 R8h3 {Rudy & Komodo9} 23. Bxe4 fxe4+ 24. Ke2 Kg8
25. Qc3 $15) 22. Be3 Qg6 (22... c5 $19 {Komodo9}) 23. Ke2 (23. g4 {best} Nf6
24. Ke2 Nxg4 25. Kd2 Qf6 $17 {Komodo9}) 23... Qg4+ 24. Ke1 Rh1 25. Rf1 (25.
Rxh1 Rxh1+ 26. Bf1 dxc4 $19 {Komodo9} 27. Qxc4 Qf3 (27... c5 28. dxc5 Qf3 29.
Qe2 (29. Rd1 Bc6 30. Qe2 {slightly better, Komodo9}) 29... Qxe2+ 30. Kxe2 Bb5+
$19)) 25... Rxf1+ (25... Qf3 $1 $19 {Komodo9} 26. Rc1 (26. Qe2 Rxf1+ 27. Qxf1 (
27. Kxf1 Rh1#) 27... Rh1 $19) (26. Qd1 Qg2 27. Rc1 R8h2 28. Qc2 dxc4 29. Bxc4
Nxg3 30. Rxh1 Rxh1+ 31. Kd2 Ne4+ 32. Kd3 b5 33. Bb3 Nxf2+ 34. Qxf2 Qxf2 35.
Bxf2 Rxc1 $19 {Komodo9}) (26. Be2 Qg2 27. Rc1 (27. b3 Nxg3) 27... R8h2 28. b3
Nxg3 $19 {Komodo9}) 26... R8h2 27. b3 Rxf1+ 28. Bxf1 Nxg3 29. Qd1 Qe4 30. Kd2
Nxf1+ 31. Qxf1 e5 $1 $19 {Komodo9}) 26. Bxf1 Rh1 {draw agreed [ Komodo9 thinks
Bl is still winning]} (26... Rh1 27. Qe2 Qh3 28. Qd3 Kg8 29. b4 Be8 30. cxd5 (
30. b5 dxc4) 30... exd5 31. b5 Bh5 32. bxc6 bxc6 33. Rb7 Bf3 34. Re7 Bg2 $19 {
Komodo9}) 1/2-1/2

[Event "WCPL:Cardigan-E Glam Nomads"]
[Site "?"]
[Date "2015.11.01"]
[Round "1.3"]
[White "James, Dai"]
[Black "Heap, Gerry"]
[Result "0-1"]
[WhiteElo "1929"]
[BlackElo "2087"]
[Annotator "Kemenade"]
[PlyCount "70"]
[EventDate "2015.11.01"]
[EventCountry "WLS"]

1. e4 c5 2. Nc3 Nc6 3. Bb5 g6 (3... Nd4 {main}) 4. f4 (4. Bxc6 {main}) 4... Bg7
5. Nf3 Nd4 6. a4 {may not prove neccessary} (6. O-O {main}) 6... e6 7. O-O Ne7
8. Nxd4 (8. e5 {alternative, but doesn't score well for Wh}) 8... cxd4 9. Ne2
O-O 10. c3 a6 11. Bd3 Nc6 12. Kh1 (12. Qe1 f5 (12... d5 13. e5 dxc3 14. dxc3 f6
15. exf6 Bxf6 16. Be3 Bd7 {Vaughan-Burrows, Blackpool 2008,1/2-1/2}) 13. e5 d6
14. exd6 Qxd6 15. c4 e5 $17 {Santos Filho-Guimaraes, BRA ch Rio de Janeiro
2013,0-1}) 12... d6 13. g4 $5 (13. Qe1 Bd7 14. Qf2 Rc8 15. Ra3 Qf6 16. b4 $11 {
Thesing-Boensch, Bundesliga 1991,0-1}) 13... Qh4 $15 14. Ng3 (14. Rg1) 14... e5
(14... g5 15. fxg5 Be5 16. Rg1 Kh8 17. Rg2 Bd7 $11 {Komodo9}) 15. f5 Bh6 16.
Qf3 (16. Bc4 Bd7 17. d3 $11 {Komodo9}) 16... Na5 17. Ra3 Bd7 18. b4 Nc6 19. Bc4
(19. b5 Na7 20. cxd4 axb5 21. axb5 Bf4 (21... Nxb5 22. Rxa8 Rxa8 23. fxg6 $18)
22. Rb3 Nc8 23. Ba3 $14 {Komodo9}) 19... Ne7 (19... Rac8 $11) 20. cxd4 exd4 21.
Bb2 (21. b5 $16) 21... Nc6 22. Bd5 (22. Qf2 Ne5 23. Qxd4 Bg7 $14 {Komodo9}) (
22. fxg6 hxg6 23. Bxf7+ Kh8 24. Qf2 Bxg4 25. Bxd4+ Nxd4 26. Qxd4+ Bg7 27. Qe3
$11 {Komodo9}) 22... Bxd2 23. fxg6 hxg6 24. Qd3 (24. Bxf7+ $11) (24. Nf5 Qg5 (
24... gxf5 25. gxf5 Kh7 26. Qg2 Bc3 27. Bxc3 Rg8 28. Be1 $18) 25. Qh3 Rae8 26.
Nxd6 $16 {Komodo9}) 24... Be3 (24... Bxb4 $19) 25. e5 (25. Bxc6 bxc6 26. Bxd4
Bg5 27. Ra2 Bxg4 $17) 25... Nxe5 $19 {guards g6 from the Q} 26. Qe4 Qxg4 (26...
Bc6) 27. Rxe3 {best try} dxe3 28. Rf4 (28. Qxe3 Be6 29. Bxb7 Rab8 30. Bg2 Rxb4
$19) 28... Qd1+ 29. Rf1 Qxd5 $1 30. Qxd5 Bc6 31. Qxc6 bxc6 32. Re1 Rab8 (32...
Nd3) 33. Bc3 Nc4 (33... Nd3 34. Rxe3 Nxb4) 34. Ne4 f5 35. Nf6+ Rxf6 {Wh is
just too many pawns down} 0-1

[Event "WCPL:Cardigan-E Glam Nomads"]
[Site "?"]
[Date "2015.11.01"]
[Round "1.4"]
[White "Van Kemenade, Rudy"]
[Black "Dineen, Robert"]
[Result "1-0"]
[WhiteElo "1942"]
[BlackElo "1837"]
[Annotator "Kemenade"]
[PlyCount "87"]
[EventDate "2015.11.01"]
[EventCountry "WLS"]

1. e4 c6 2. d4 d5 3. e5 Bf5 4. Nc3 e6 5. g4 Bg6 6. Nge2 {the Van der Wiel var,
making Bl play a tactical Caro-Kann rather than the usual positional style
usually preferred by those who employ that defence} c5 (6... h5 7. Nf4 Ne7 (
7... Bh7 8. Nxh5 c5 9. Nb5 {Van Kemenade-Lentzos, Leyland 2014,1/2-1/2} (9. Be3
Nc6 10. Bb5 {Van Kemenade- Bullen, WLS ch 2011,1-0})) 8. Nxg6 Nxg6 9. gxh5 Ne7
10. Bg5 {Muzychuk-Ushenina, SRB ch tm 2007,1/2-1/2}) 7. h4 h5 (7... cxd4 8.
Nxd4 h5 9. Bb5+ Nd7 10. f4 {is the old main line, eg Van Kemenade-Swainston,
Undercliffe-Leeds 1990, 1-0}) 8. Nf4 Ne7 (8... Bh7 9. Nxh5 {is the new main
line played by GMs, & in a number internet games by the Wh player} cxd4 (9...
Nc6 {alternative, Shirov-Topalov, Dresden ol 2008,1-0}) (9... a6 10. Be3 Nc6 {
Van Kemenade-Akehurst, Scarborough 1988,1/2-1/2 ; & several others}) 10. Qxd4
Bxc2 11. Bg5 {Van Kemenade- Dalby, Bradford League 1999,1-0}) 9. dxc5 $5 (9.
Nb5 Nec6 10. Nxg6 fxg6 11. Bd3 {main line, as in Van Kemenade-Sahota,
Stockport 1988,1-0}) (9. Nxg6 Nxg6 10. gxh5 Nxh4 11. Qg4 (11. dxc5) 11... Nf5
12. Bg5 Qb6 13. O-O-O {Van Kemenade-Midgley, Huddersfield Summer 1989,1-0} (13.
Bb5+ Nc6 14. Nxd5 {Komodo9})) 9... Nbc6 (9... a6 $1 $15 {Komodo9}) (9... Nd7
10. b4 Nxe5 11. Nxg6 N7xg6 12. gxh5 Ne7 (12... Nxh4) 13. Bf4 $15 {Internet
game by Wh in 2013,1-0}) 10. Nb5 Nc8 (10... Nxe5 11. Nd6+ Kd7 12. Bb5+ (12.
Nxg6 N7xg6 $15) 12... N7c6 13. Nxg6 fxg6 14. Bg5 Qc7 15. Qe2 Bxd6 16. cxd6 Qxd6
17. gxh5 gxh5 18. O-O-O $11 {Komodo9}) 11. Nxg6 fxg6 12. Bg5 (12. Be3 $1 Nxe5
13. Bf4 $18 {Komodo9}) 12... Qa5+ (12... Qd7 {is safer, Komodo9} 13. Bd3 Bxc5 (
13... Nxe5 14. Bf4 $18) 14. Bxg6+ Kf8 15. gxh5 $16) 13. c3 (13. Bd2 $1 {Komodo9
} Qd8 14. Nd6+ $18 (14. Be3 $18)) 13... Bxc5 14. b4 $5 (14. Qc2 O-O 15. Qxg6
Bxf2+ 16. Kd2 Nxe5 17. Qxe6+ Nf7 18. Bd3 $16 {Komodo9}) 14... Nxb4 (14... Bxb4
{Paul Bridges & Komodo9; looks to a better choice, as in pm analysis} 15. cxb4
Qxb4+ 16. Qd2 Qe4+ 17. Qe3 (17. Be3 Qxh1 18. Nc7+ Kf7 19. Nxa8 Qe4 $17 {Komodo9
}) 17... Qxh1 (17... Qb4+ 18. Kd1 O-O 19. f4 $14 {Komodo9}) 18. Nc7+ Kd7 19.
Nxa8 N8e7 20. Bxe7 Kxe7 21. Rb1 Rb8 22. Nc7 $16 {Komodo9}) 15. cxb4 Bxb4+ (
15... Qxb4+ 16. Qd2 Qe4+ 17. Qe2 Qxh1 18. Nc7+ Kf7 (18... Kd7 $18 {leaves K
more vulnerable} 19. Nxa8 Bb4+ 20. Kd1 Ne7 21. a3 Ba5 22. Qb5+ Kc8 23. Rb1 $18)
19. Nxa8 hxg4 20. Qxg4 Ne7 21. Bxe7 Qh2 22. Bxc5 Qxe5+ 23. Kd2 Qb2+ 24. Ke3
Qxa1 25. Qf4+ $16 {Komodo9}) 16. Bd2 O-O 17. Bd3 (17. Be2 $16 {Komodo9}) (17.
gxh5 gxh5 18. Rb1 Qb6 19. Qe2 $18 {Komodo9}) 17... Bxd2+ (17... a6 $1 {Rudy &
Komodo9} 18. Nd6 (18. Nd4 Qb6 $19) 18... Nxd6 19. exd6 Qb6 20. O-O Bxd2 21.
Qxd2 Qxd6 22. f4 hxg4 23. Bxg6 $16) 18. Qxd2 Qxd2+ 19. Kxd2 Rxf2+ 20. Ke3 {
Wh's K is safe, unlike Bl's} Rb2 21. Nc7 Rb8 22. Nxe6 $18 (22. gxh5 gxh5 23.
Rhg1 $18) 22... Ne7 23. gxh5 Nf5+ (23... Nc6 24. Bxg6 Nxe5 25. Rhg1 $18) 24.
Bxf5 gxf5 25. Rhg1 Kf7 26. Rg6 (26. Nxg7) 26... Rh8 27. Nxg7 (27. Rc1 Rxh5 28.
Nf4 d4+ 29. Kd3 Rxh4 30. Rc7+ Ke8 31. Rgxg7 {mating}) (27. Ng5+ Ke8 28. Rc1 $18
) 27... Rxh5 28. Nxh5 (28. Rag1) 28... Kxg6 29. Nf4+ Kf7 30. h5 (30. e6+) (30.
Rc1) 30... Rh2 31. a4 {the problem for Wh is that lots of moves win- it's a
choice between quickest & safest} (31. Rg1) 31... Rh4 32. Rc1 d4+ 33. Kf3 Rh2 (
33... d3 34. Rd1) 34. Rc7+ Ke8 35. Rxb7 (35. e6 b6 (35... Kd8 36. Nd5) 36. Nd5
{wins quickly, looked at}) 35... d3 36. Nxd3 (36. e6 d2 37. Rd7) 36... Rh3+ 37.
Ke2 Rh2+ (37... Rxh5 38. Nf4) 38. Ke3 Rh3+ 39. Kd4 Rh4+ 40. Kd5 Rxa4 41. Ke6 (
41. h6 Rh4 42. h7 Kd8 43. Rb8+) 41... Ra6+ 42. Kxf5 Ra3 43. Nf4 Ra4 44. h6 (44.
Nd5 {quickest, Komodo9}) 1-0

[Event "WCPL:Cardigan-E Glam Nomads"]
[Site "?"]
[Date "2015.11.01"]
[Round "1.5"]
[White "Thomas, Roy"]
[Black "Haigh, Tony"]
[Result "0-1"]
[WhiteElo "1730"]
[BlackElo "1816"]
[Annotator "Kemenade"]
[PlyCount "76"]
[EventDate "2015.11.01"]
[EventCountry "WLS"]

1. f4 g6 2. Nf3 d5 3. e3 Bg7 4. Be2 c5 5. O-O Nc6 6. d3 b6 (6... Nf6 {main}) 7.
Nc3 (7. Qe1 Bb7 8. e4 Qd7 9. c3 e6 10. Kh1 Nge7 11. Be3 $11 {Hayward-Bradford,
Midwest Masters op Chicago 1988,1-0}) 7... Bb7 8. Qe1 e6 9. e4 d4 (9... Nd4 $15
10. Bd1 dxe4 11. dxe4 Ne7 12. e5 Bxf3 13. Rxf3 Nxf3+ 14. Bxf3 Rb8 $17 {
Schreuder Peters-Brokken, Haarlem Nova op 2006, 0-1}) 10. Nb1 (10. Nb5 a6 11.
Na3 $11 {Fritz13}) 10... Nge7 11. Na3 O-O 12. Qh4 {the position has transposed
to a Grande Prix Attack against the Sicilian} (12. Bd2 {Fritz13 & Komodo9})
12... h6 {a bit dangerous as it encourages the f5 break} (12... Nb4 13. Bd2
Nec6 $11 {both Engines}) 13. f5 (13. Nc4 {both Engines}) 13... exf5 (13... g5
14. Bxg5 hxg5 15. Nxg5 Re8 16. Qh7+ Kf8 17. Nxe6+ {Komodo9} fxe6 18. fxe6+ Nf5
19. Rxf5+ Ke7 20. Qxg7+ Kd6 (20... Kxe6 21. Qf7+ Kd6 22. Nc4#) 21. Rd5+ Kxe6
22. Bg4#) 14. Bxh6 f6 15. Bxg7 (15. Bd2 $15 {Fritz13}) (15. Nc4 $11 {Komodo9})
15... Kxg7 16. e5 $6 {trying to get the N into g5, but the pawn becomes a
permanent loss} (16. Qg3 Qb8 $17 {both Engines; the Bl pieces are now better
placed}) 16... Nxe5 $19 17. Qg3 Nxf3+ 18. Bxf3 Bxf3 19. Rxf3 Qb8 (19... Qd7 $19
{both Engines}) 20. Qe1 Nd5 21. Rh3 Qe5 22. Qf2 Rae8 $19 {Bl is a pawn up &
controls all the important squares} 23. Nc4 Qe2 24. Qg3 f4 25. Qf3 Qxf3 26.
Rxf3 Re2 27. Rf2 Rxf2 28. Kxf2 Ne3 29. Na3 g5 30. g3 Rh8 31. gxf4 {trying to
get some play, but it only helps Bl} Rxh2+ 32. Kf3 g4+ 33. Ke4 f5+ (33... Kg6
$1 {both Engines} 34. c3 Re2) 34. Ke5 g3 35. Nc4 g2 36. Nxe3 dxe3 37. Rg1 e2
38. Kxf5 Kf7 (38... e1=Q {also, but the text is more elegant}) 0-1

[Event "WCPL:Cardigan-E Glam Nomads"]
[Site "?"]
[Date "2015.11.01"]
[Round "1.6"]
[White "Van Kemenade, Julie"]
[Black "Trickey, Andrew"]
[Result "1-0"]
[WhiteElo "1724"]
[BlackElo "1657"]
[Annotator "Kemenade"]
[PlyCount "111"]
[EventDate "2015.11.01"]
[EventCountry "WLS"]

1. e4 e6 2. d3 b6 3. Nf3 Bb7 4. g3 Nc6 (4... d5) (4... c5 {main lines}) 5. Bg2
h5 $146 {Bl is determined to attack} (5... Nf6 {main}) 6. h4 Bc5 7. c3 (7. d4
$14) 7... Nh6 8. Nh2 {covering g4} Bxf2+ $5 9. Kxf2 Qf6+ 10. Qf3 Ne5 11. Qxf6
Nxd3+ $2 {Bl had intended} (11... Nhg4+ 12. Nxg4 Nxg4+ {then had 'better'
second thoughts}) 12. Ke3 gxf6 13. Kxd3 $18 {Wh is two pieces up, but the Bl
pawns are difficult to breakopen. In such a position there can be no clear
overall plan. Wh has to gradually bring all her pieces out, then find more
active positions & only slowly have the extra material make a difference.} Nf5
14. exf5 $1 Bxg2 {swapping pieces helps Wh} 15. Rg1 Bh3 16. fxe6 dxe6 {getting
the d file before Wh is ready} 17. Ke2 O-O-O 18. Be3 Rd5 19. Nd2 (19. c4 Rd7
20. Nc3 {is a little more active}) 19... Rhd8 20. Ne4 Rb5 21. b3 Bf5 22. Nf2 {
covering d3} Re5 23. Rad1 (23. Nf3 Ra5 24. Nd4 {Komodo9}) 23... Rg8 24. Kf3 Ra5
25. Rd2 e5 26. c4 Be6 27. Rc1 (27. Ne4 Rg6 28. Rgd1 (28. Nc3 {Komodo9})) 27...
f5 28. Bg5 Ra3 29. Be7 c5 30. Rcd1 {mislooking at the diagonals & ranks} (30.
Nd1 Bd7 31. Ne3 Re8 32. Bg5) 30... Bxc4 31. Rd8+ Rxd8 32. Rxd8+ Kc7 33. Rd2 Kc6
34. Nf1 $2 {having intended earlier to reorganise the N via f1, Wh overlooks
the change in the position} (34. Nd1 $18) 34... Bxf1 35. Nd1 $16 Bd3 36. Bf6
e4+ $2 {jams in the B} (36... c4 $1 {Komodo9} 37. Bxe5 Be4+ 38. Kf4 cxb3 39.
axb3 Rxb3 $1 {makes Wh's task more difficult by removing the Q side pawns}) 37.
Kf4 $18 c4 38. bxc4 (38. Be7 Ra5 39. bxc4 Bxc4 40. Nc3) 38... a6 (38... Bxc4
39. Ne3 (39. Rc2 b5) 39... Be6 40. Rc2+ Kb5 41. Be7 Rxa2 42. Rxa2 Bxa2 43. Kg5
$18) 39. Ne3 b5 40. cxb5+ axb5 41. Nxf5 Kd7 42. Be7 (42. Ng7 Kc6 43. Bb2 (43.
Bd4 e3 44. Kxe3 Bg6+ 45. Kf4 $18) 43... Rxa2 44. Nxh5 $18) 42... Ra6 43. a3 {
safeguarding the a pawn} Rg6 44. Bb4 Kc7 45. Ne3 (45. Rf2 Kd7 46. Ke5 f6+ 47.
Kd4) 45... Kd7 (45... Rf6+ 46. Ke5 Rf3 47. Nd5+ Kc6 48. Rg2 e3 49. Kd4 e2 50.
Nf4 Bc4 51. Nxe2 Bxe2 52. Rxe2 Rxg3 53. Ke5 Rg4 54. Re4 $18) 46. Rg2 (46. g4 {
can be played at once}) (46. Rd1 Ke6 47. Bc3 Rg8 48. Rc1 Rc8 49. Nf5 Kd7 50.
Bb2 Ra8 51. Rc5 Ra4 52. Ng7 b4 53. axb4 Rxb4 54. Be5 {and Wh will win the K
side pawns}) 46... Ke6 47. Bc3 Bb1 (47... f5 $5 48. Rg1 (48. Nxf5 $2 Rg4+ 49.
Ke3 Kxf5 $11) 48... Be2 49. Bb4 Rg8 50. Rc1 Bc4 51. a4 (51. Nxc4 Rg4+ {causes
complications}) 51... Kd7 52. a5 Ke6 53. a6 Kd7 54. Bc5 Kc6 55. Bd4 Rd8 56.
Nxf5 {7 the pawns drop off}) 48. g4 hxg4 49. Rxg4 (49. h5 Rh6 50. Kg5 Rh7 51.
h6 {Komodo9}) 49... Rh6 50. Kg5 Rg6+ 51. Kh5 {forcing off the Rs & leaving the
h pawn as a runner} Rxg4 52. Kxg4 Bd3 (52... f6 {holds a little longer}) 53.
Kg5 Be2 54. h5 Bxh5 55. Kxh5 f5 56. Kg5 {Wh still has one pawn left to make
life easier.} 1-0